000 00662nam a2200193 a 4500
001 000978551
003 AM-YeHGA
005 20250617150204.0
008 130815s1974 ||| r 000 0 rus d
040 _aAM-YeHGA
041 0 _arus
100 1 _aПорфирьев, Борис Александрович
245 1 0 _aБорцы :
_bРоман /
_cБорис Порфирьев; Худож. Б.М. Косульников.
260 _aГорький :
_bВолго-Вят. кн. изд-во,
_c1974.
300 _a350 с.
653 0 _aСоветская литература
700 1 _aКонсульников, Б.М.
_eил.
_4ill
090 _c327950
999 _c326203
_d326203